000 00521nam a2200157 a 4500
008 120416s0000 ||||||||||||||||| || u
020 _a0340116188
050 _aPE 1128 Swe
100 _aSweeny, T
245 1 0 _aChallenge 2
246 _aa course in English
260 _aLondon
_bUniversity of London Press
_c1971
300 _a143p. : ill.
350 _a0.00
995 _D0.00
_FCBU-MAIN LIBRARY (Kitwe)
_H1
_I0.75
_M1
_UAVAILABLE
_ZAnnex Low-Usage Collection
999 _c36992
_d36992